Handbuch der österreichischen Wirtschaftspolitik

Gespeichert in:
Bibliographische Detailangaben
Weitere Verfasser: Abele, Hanns, Schleicher, Stefan, Nowotny, Ewald, Winckler, Georg
Format: Buch
Sprache:Deutsch
Veröffentlicht: Wien Manzsche Verlags- und Universitätsbuchhandlung 1984
Ausgabe:2. Aufl.
Schlagworte:
Tags: Tag hinzufügen
Keine Tags, Fügen Sie das erste Tag hinzu!

MARC

LEADER 00000nam a2200000 4500
001 c019073
005 20221207073623.1
020 |a 3-214-07051-7 
041 0 |a ger 
044 |a AT 
245 1 0 |a Handbuch der österreichischen Wirtschaftspolitik  |c Edit. Hanns Abele, Stefan Schleicher, Ewald Nowotny, Georg Winckler 
250 |a 2. Aufl. 
264 1 |a Wien  |b Manzsche Verlags- und Universitätsbuchhandlung  |c 1984 
300 |a 480 s. 
610 2 0 |a politika hospodárska 
610 2 0 |a inštitúcia 
610 2 0 |a rozhodovanie 
610 2 0 |a strany politické 
610 2 0 |a politika mzdová 
610 2 0 |a financie štátne 
610 2 0 |a peniaze 
610 2 0 |a mena 
610 2 0 |a energia 
610 2 0 |a suroviny 
610 2 0 |a trh práce 
610 2 0 |a hospodárstvo bytové 
610 2 0 |a politika sociálna 
610 2 0 |a politika zahraničnohospodárska 
610 2 0 |a regulácia cenová 
610 2 0 |a politika priemyselná 
610 2 0 |a dáta 
610 2 0 |a hospodárstvo národné 
610 2 0 |a štúdie prípadové 
610 2 0 |a Rakúsko 
700 1 |a Abele, Hanns 
700 1 |a Schleicher, Stefan 
700 1 |a Nowotny, Ewald 
700 1 |a Winckler, Georg